Эротика (Запись № 12035050)

Подробности
000 -МАРКЕР
контрольное поле 01677nam0a2200373 4500
001 - ИДЕНТИФИКАТОР ЗАПИСИ
контрольное поле RU\NLR\BIBL_A\011836729
005 - ИДЕНТИФИКАТОР ВЕРСИИ
контрольное поле 20250626135749.0
010 ## - МЕЖДУНАРОДНЫЙ СТАНДАРТНЫЙ НОМЕР КНИГИ (ISBN)
Номер (ISBN) 978-5-389-06570-3
Тираж 4000
035 ## - ДРУГИЕ СИСТЕМНЫЕ НОМЕРА
Идентификатор записи (NILC)LIBNET\0000574372
035 ## - ДРУГИЕ СИСТЕМНЫЕ НОМЕРА
Идентификатор записи (NLR Aleph) 011836729
100 ## - ДАННЫЕ ОБЩЕЙ ОБРАБОТКИ
Данные общей обработки 20181024d2014 |||y0rusy50 ca
101 0# - ЯЗЫК РЕСУРСА
Язык текста, звукозаписи и т.д. русский
Язык оригинала английский
102 ## - СТРАНА ПУБЛИКАЦИИ ИЛИ ПРОИЗВОДСТВА
Страна публикации Российская Федерация
105 ## - ПОЛЕ КОДИРОВАННЫХ ДАННЫХ: ТЕКСТОВЫЕ МАТЕРИАЛЫ, МОНОГРАФИЧЕСКИЕ
Кодированные данные о монографическом текстовом документе ac||z|||000zy
200 1# - ЗАГЛАВИЕ И СВЕДЕНИЯ ОБ ОТВЕТСТВЕННОСТИ
Основное заглавие Эротика
Первые сведения об ответственности Ханс Юрген Депп, Джо А. Томас, Виктория Чарльз
Последующие сведения об ответственности [пер. с англ. И. Куберского]
210 ## - ПУБЛИКАЦИЯ, РАСПРОСТРАНЕНИЕ И ДР.
Место издания, распространения и т.д. Санкт-Петербург [и др.]
Имя издателя, распространителя и т. д. Азбука [и др.]
Дата издания, распространения и т.д. 2014
215 ## - ФИЗИЧЕСКАЯ ХАРАКТЕРИСТИКА
Специфическое обозначение материала и объем 543 с.
Другие сведения о физической характеристике ил., цв. ил.
Размеры 22
225 1# - СЕРИЯ
Основное заглавие серии 1000 шедевров
300 ## - ОБЩИЕ ПРИМЕЧАНИЯ
Текст примечания На 2-й с. суперобл. авт.: Ханс Юрген Депп, адъюнкт-проф. Кларион. ун-та США Джо А. Томас, искусствовед Виктория Чарльз
300 ## - ОБЩИЕ ПРИМЕЧАНИЯ
Текст примечания На суперобл. авт. не указаны
320 ## - ПРИМЕЧАНИЯ О НАЛИЧИИ В ДОКУМЕНТЕ БИБЛИОГРАФИИ / УКАЗАТЕЛЯ
Текст примечания Указ.: с. 542-543
333 ## - ПРИМЕЧАНИЯ ОБ ОСОБЕННОСТЯХ РАСПРОСТРАНЕНИЯ И ИСПОЛЬЗОВАНИЯ
Текст примечания 18+
606 1# - НАИМЕНОВАНИЕ ТЕМЫ КАК ПРЕДМЕТ
Наименование темы Эротика
Тематический подзаголовок в изобразительном искусстве
Системный номер авторитетной/нормативной записи 2121740
Идентификатор авторитетной/нормативной записи RU\NLR\AUTH\661281124
686 1# - ИНДЕКСЫ ДРУГИХ КЛАССИФИКАЦИЙ
Индекс Щ103(0)-3
700 #1 - ИМЯ ЛИЦА - ПЕРВИЧНАЯ ОТВЕТСТВЕННОСТЬ
Начальный элемент ввода Дёпп
Часть имени, кроме начального элемента ввода Х. Ю.
Расширение инициалов личного имени Ханс Юрген
701 #1 - ИМЯ ЛИЦА - АЛЬТЕРНАТИВНАЯ ОТВЕТСТВЕННОСТЬ
Начальный элемент ввода Томас
Часть имени, кроме начального элемента ввода Д. А.
Дополнения к именам, кроме дат адъюнкт-профессор
Расширение инициалов личного имени Джо А.
701 #1 - ИМЯ ЛИЦА - АЛЬТЕРНАТИВНАЯ ОТВЕТСТВЕННОСТЬ
Начальный элемент ввода Чарльз
Часть имени, кроме начального элемента ввода В.
Расширение инициалов личного имени Виктория
801 #0 - ИСТОЧНИК ЗАПИСИ
Страна Российская Федерация
Организация ЦГПБ Санкт-Петербург
Дата составления 20150805
Правила каталогизации rcr
942 ## - ДОПОЛНИТЕЛЬНЫЕ ЭЛЕМЕНТЫ ЗАПИСИ (АБИС)
Тип экземпляра АБИС Книга
980 ## - КОЛЛЕКЦИЯ
Название коллекции Национальная библиография
980 ## - КОЛЛЕКЦИЯ
Название коллекции Изъято
Экземпляры
Тип экземпляра Дата поступления Источник поступления Стоимость Библиотека постоянного хранения Библиотека текущего хранения Место хранения Шифр хранения Штрих-код Статус экземпляра
Книга 24.10.2018 Покупка 1290.00 РНБ (Московский) РНБ (Московский) Русский книжный фонд: издания с 1957 года 2019-5/915 1-2200046